[Event "Challenge"]
[Site "http://www.queenalice.com/game.php?id=914921"]
[Date "2011.3.20"]
[Round "-"]
[White "NeeneNY"]
[Black "josh95255"]
[Result "0-1"]
[WhiteElo "1343"]
[BlackElo "1284"]

1. d4 d5 2. Bf4 Nf6 3. Nc3 Bf5 4. e3 e6 5. Bd3 Nc6 6. Bxf5 exf5 7. Nf3 Bb4 8. a3
Bxc3+ 9. bxc3 O-O 10. Nh4 Qd7 11. O-O Ng4 12. Nxf5 Qxf5 13. Qd3 Qxd3 14. cxd3
Rac8 15. Rab1 b6 16. h3 Nf6 17. Bg5 Rfe8 18. Rbe1 Na5 19. f4 Nb3 20. Rf3 c6 21.
Rg3 c5 22. Bxf6 Kf8 23. Rxg7 Re6 24. Rb1 Rxf6 25. Rxh7 Kg8 26. Rh5 Nd2 27. Rb2
cxd4 28. cxd4 Nc4 29. Rxd5 Nxe3 30. Re5 Nf5 31. d5 Rd8 32. Rbe2 Ng3 33. Rg5+ Rg6
34. Re3 Rxg5 35. fxg5 Nh5 36. g6 fxg6 37. Re6 Nf4 38. Re7 a5 39. Rb7 Nxd5 40. g4
g5 41. Rf7 Nf4 42. Rf5 Nxh3+ 43. Kg2 Nf4+ 44. Kf3 Rxd3+ 45. Ke4 Rd5 46. Rf6 b5
47. Ra6 a4 48. Ra8+ Kf7 49. Ra7+ Ke6 50. Ra6+ Rd6 51. Ra5 Rd5 52. Ra6+ Ke7 53.
Ra7+ Kd6 54. Ra6+ Kc5 55. Ra7 Kc4 56. Rg7 Kb3 57. Rxg5 Rxg5 58. Kxf4 Rg8 59. g5
Kxa3 60. Kf5 b4 61. g6 b3 62. Kf6 b2 63. Kf7 Rxg6 64. Kxg6 b1=Q+ 0-1

[Event "march semi-mad"]
[Site "http://www.queenalice.com/game.php?id=916075"]
[Date "2011.3.22"]
[Round "-"]
[White "jbugg"]
[Black "josh95255"]
[Result "0-1"]
[WhiteElo "1356"]
[BlackElo "1233"]

1. e4 e5 2. Nf3 Nc6 3. Bc4 Qe7 4. O-O Nf6 5. Ng5 d5 6. Nc3 Be6 7. exd5 Bxd5 8.
Bb5 h6 9. Nf3 Bxf3 10. Qxf3 O-O-O 11. Re1 Nb4 12. Qf5+ Kb8 13. Rxe5 g6 14. Qf4
g5 15. Qd4 Rxd4 16. Rxe7 Bxe7 17. a3 Nbd5 18. Ne2 Re4 19. f3 Re5 20. b4 a6 21.
Bc4 Rd8 22. Bb2 Nb6 23. Bxf7 Rxe2 24. Bc3 Nbd5 25. Kf1 Nxc3 26. Bc4 Rexd2 27.
Re1 Bf8 28. Rc1 Rd1+ 0-1

[Event "you're up 3-2"]
[Site "http://www.queenalice.com/game.php?id=919894"]
[Date "2011.3.31"]
[Round "-"]
[White "jbugg"]
[Black "josh95255"]
[Result "0-1"]
[WhiteElo "1314"]
[BlackElo "1259"]

1. e4 Nf6 2. Nc3 e5 3. Nf3 Nc6 4. Bb5 Bc5 5. O-O d6 6. Ng5 Qe7 7. Qf3 Bd7 8. Qg3
h6 9. Nf3 g6 10. Qh4 a6 11. Ba4 g5 12. Qh3 g4 13. Qg3 gxf3 14. Qxf3 O-O-O 15. a3
Nd4 16. Qd3 Bxa4 17. Nxa4 Qe6 18. b4 Bb6 19. Qc3 Kb8 20. Nxb6 cxb6 21. Re1 Rc8
22. Qh3 Rce8 23. Re3 Nxc2 24. Bb2 Nxe3 25. Qxe3 b5 26. Rc1 Rc8 27. Bc3 Ng4 28.
Qg3 Rhg8 29. h3 Nf6 30. Qh4 Rc4 31. Qxh6 Rxe4 32. d3 Re2 33. Kf1 Ra2 34. Qe3
Rxa3 35. Bb2 Ra4 36. Bc3 Nd5 37. Qd4 Nxc3 38. Qxc3 Qc8 39. Qb2 Qf5 40. Qb3 Qg5
41. g4 Qxc1+ 42. Kg2 Rc8 43. Qxf7 Rxb4 44. Qd7 Rd4 0-1

[Event "can you get my score up to 1300"]
[Site "http://www.queenalice.com/game.php?id=922877"]
[Date "2011.4.7"]
[Round "-"]
[White "josh95255"]
[Black "jbugg"]
[Result "1-0"]
[WhiteElo "1281"]
[BlackElo "1307"]

1. e4 e5 2. Nf3 Bd6 3. Bc4 Nf6 4. Ng5 O-O 5. Nc3 Qe7 6. Nd5 Nxd5 7. Qh5 Nf6 8.
Qh4 h6 9. Nf3 b6 10. d3 Bb4+ 11. Kf1 Qc5 12. Bxh6 gxh6 13. Qxh6 Nh7 14. Ng5 Bd2
15. Qxh7# 1-0

[Event "2 points more?"]
[Site "http://www.queenalice.com/game.php?id=923072"]
[Date "2011.4.7"]
[Round "-"]
[White "jbugg"]
[Black "josh95255"]
[Result "1-0"]
[WhiteElo "1323"]
[BlackElo "1300"]

1. e4 e5 2. b3 Bc5 3. Bb2 d6 4. g3 Nf6 5. Nc3 Bg4 6. f3 Be6 7. Qe2 Nc6 8. O-O-O
d5 9. Qb5 Qd6 10. Qxb7 Rb8 11. Qa6 O-O 12. Nb5 Rb6 13. Nxd6 Rxa6 14. Bxa6 dxe4
15. Nb5 Bb6 16. Nc3 Bd5 17. Nxd5 Nxd5 18. fxe4 Ndb4 19. Bb5 Na5 20. Nf3 a6 21.
Be2 f6 22. a3 Nbc6 23. Bxa6 Ra8 24. Bb5 Na7 25. Bd7 Kf8 26. Rhf1 Rd8 27. Bf5 g6
28. Bg4 Rd4 29. Nxd4 Bxd4 30. Bxd4 exd4 31. Rxf6+ Kg7 32. Ra6 Nxb3+ 33. Kb2 Nxd2
34. Rxd2 Nb5 35. c4 Nxa3 36. Kxa3 h5 37. Bd7 g5 38. Rxd4 h4 39. Ra8 hxg3 40.
hxg3 c5 41. Rd6 Kf7 42. Rh8 Ke7 43. Rdh6 Kxd7 44. R8h7+ Ke8 45. Rc6 Kd8 46. Ra6
1-0

[Event "Challenge"]
[Site "http://www.queenalice.com/game.php?id=925386"]
[Date "2011.4.13"]
[Round "-"]
[White "jbugg"]
[Black "josh95255"]
[Result "1-0"]
[WhiteElo "1373"]
[BlackElo "1303"]

1. e4 e5 2. Nf3 d6 3. Nc3 Nf6 4. Bc4 Be6 5. b3 d5 6. Bb5+ c6 7. Bd3 Bd6 8. O-O
Qb6 9. Qe2 Nbd7 10. a4 dxe4 11. a5 exf3 12. axb6 fxe2 13. Bxe2 axb6 14. Rxa8+
Bb8 15. Ra4 O-O 16. Rh4 Bd5 17. Ba3 c5 18. Bb5 Bc6 19. Bd3 Bd6 20. Re1 b5 21.
Nxb5 Bxb5 22. Bxb5 Nb6 23. Bd3 g6 24. c3 Ra8 25. Bb2 Nbd5 26. c4 Ra2 27. Rb1 g5
28. Rh6 Kg7 29. Rh3 Nf4 30. Re3 Ng4 31. Rg3 Nxd3 32. Rxd3 Bc7 33. Rd5 Bb6 34. h3
Nxf2 35. Kxf2 f6 36. Rd7+ Kg6 37. Rxb7 Ra7 38. Rxb6 Rd7 39. Bc3 Rd3 40. Ke2 Rg3
41. Kf1 Rd3 42. Ra1 Rd4 43. Raa6 Rf4+ 44. Ke2 Re4+ 45. Kd1 Rd4 46. Rc6 Rd3 47.
Rxc5 Rxc3 48. dxc3 1-0

[Event "4-4 playoff time"]
[Site "http://www.queenalice.com/game.php?id=926751"]
[Date "2011.4.17"]
[Round "-"]
[White "jbugg"]
[Black "josh95255"]
[Result "0-1"]
[WhiteElo "1385"]
[BlackElo "1290"]

1. e4 Nc6 2. b3 e5 3. Bc4 Qf6 4. Nf3 Bc5 5. O-O d6 6. d3 Bg4 7. Bg5 Qg6 8. h3
Bxf3 9. Qxf3 Nd4 10. Qg4 Nxc2 11. Bb5+ c6 12. Nc3 Nxa1 13. Rxa1 cxb5 14. Nxb5
Bb6 15. Nc7+ Bxc7 16. Rc1 Qe6 17. Rxc7 Rb8 18. Qh5 Nf6 19. Qd1 d5 20. Qf3 dxe4
21. dxe4 h6 22. Bh4 O-O 23. Qg3 Nxe4 24. Qe3 Qd6 25. Rc1 Ng5 26. Bg3 f6 27. h4
Ne6 28. Qxa7 Nf4 29. Qe3 Rbc8 30. Re1 Qd4 31. Qf3 b6 32. Qg4 h5 33. Qf5 Ra8 34.
Bh2 Rxa2 35. g3 Nd3 36. Qe6+ Kh8 37. Qf5 Qxf2+ 38. Qxf2 Rxf2 39. Re3 Rd2 40. Kf1
e4 41. Rxe4 Nc5 42. Rb4 Ra8 43. Ke1 Rxh2 0-1

[Event "Challenge"]
[Site "http://www.queenalice.com/game.php?id=928700"]
[Date "2011.4.21"]
[Round "-"]
[White "NeeneNY"]
[Black "josh95255"]
[Result "1-0"]
[WhiteElo "1296"]
[BlackElo "1327"]

1. d4 d5 2. Nc3 e6 3. e4 Nf6 4. e5 Ne4 5. f3 Nxc3 6. bxc3 Nc6 7. Bb5 Bd7 8. Bf4
Qh4+ 9. g3 Qh5 10. a3 a6 11. Ba4 b5 12. Bb3 a5 13. a4 bxa4 14. Bxa4 Rb8 15. g4
Qh4+ 16. Bg3 Qg5 17. f4 Qg6 18. g5 Qf5 19. Nf3 Qe4+ 20. Qe2 Qxe2+ 21. Kxe2 Rb2
22. h4 Be7 23. Ne1 f6 24. Nd3 fxg5 25. Nxb2 gxf4 26. Bxf4 Rf8 27. Raf1 Ba3 28.
Nd3 Bc8 29. Rhg1 g6 30. Bxc6+ Kd8 31. Bg5+ Be7 32. Rxf8# 1-0

[Event "Challenge"]
[Site "http://www.queenalice.com/game.php?id=932369"]
[Date "2011.4.30"]
[Round "-"]
[White "jbugg"]
[Black "josh95255"]
[Result "0-1"]
[WhiteElo "1338"]
[BlackElo "1310"]

1. e4 e5 2. Nf3 Nc6 3. Bc4 Qe7 4. b3 d6 5. O-O Be6 6. Na3 Bxc4 7. Nxc4 Nd4 8. d3
Nxf3+ 9. Qxf3 Nf6 10. Bg5 O-O-O 11. a4 h6 12. Bh4 Qe6 13. a5 d5 14. exd5 Qxd5
15. Qe3 Be7 16. Ra4 Bc5 17. Qg3 g5 18. Qxe5 gxh4 19. Qxf6 Qe6 20. Qxh4 Qe2 21.
Qh3+ Kb8 22. Ra2 Bxf2+ 23. Kh1 Qxf1# 0-1

[Event "Challenge"]
[Site "http://www.queenalice.com/game.php?id=933820"]
[Date "2011.5.4"]
[Round "-"]
[White "jbugg"]
[Black "josh95255"]
[Result "1/2-1/2"]
[WhiteElo "1317"]
[BlackElo "1310"]

1. e4 e5 2. Nf3 Nc6 3. Nc3 d6 4. Bb5 Bd7 5. d4 Nf6 6. d5 a6 7. Ba4 Ne7 8. Qd3
Bxa4 9. Nxa4 Qd7 10. Qb3 b5 11. Nc3 Ng6 12. Be3 Rb8 13. O-O Qd8 14. Bg5 Be7 15.
Rad1 Ng4 16. h3 Nh6 17. Be3 Qd7 18. Qa3 b4 19. Qxa6 bxc3 20. bxc3 Qb5 21. Qa3
Qb2 22. Qa7 Bd8 23. Bc1 Qb7 24. Qa4+ Qb5 25. Qa3 O-O 26. Ng5 Bxg5 27. Bxg5 f6
28. Be3 Ra8 29. Qb3 Qxb3 30. cxb3 Rxa2 31. g3 Rc2 32. Rd3 f5 33. Rc1 Rxc1+ 34.
Bxc1 fxe4 35. Re3 Ne7 36. g4 Nxd5 37. Rxe4 Nxc3 38. Bd2 Nb1 39. Ba5 c5 40. Bc7
Nc3 41. Rc4 Nb5 42. Bb6 Rf3 43. Kg2 Rxb3 44. Ra4 Ra3 45. Rc4 Ra6 46. Bd8 Nf7 47.
Be7 h6 48. Kg3 g6 49. f3 h5 50. g5 Nc7 51. Rc2 Ne8 52. Rb2 Ra7 53. Bf6 Nxf6 54.
gxf6 Rd7 55. Rb8+ Kh7 56. Rf8 d5 57. Kf2 g5 58. Ke3 d4+ 59. Kd3 Rd8 60. Rxf7+
Kg8 61. Rg7+ Kh8 62. Rxg5 Kh7 63. Rxh5+ Kg6 64. Rxe5 Kxf6 65. Rxc5 Rh8 66. Kxd4
Rxh3 67. Rc6+ Kg5 68. Ke4 Rh4+ 69. f4+ Rxf4+ 70. Ke5 1/2-1/2

[Event "Fight to the finish/no draw"]
[Site "http://www.queenalice.com/game.php?id=937734"]
[Date "2011.5.13"]
[Round "-"]
[White "jbugg"]
[Black "josh95255"]
[Result "0-1"]
[WhiteElo "1342"]
[BlackElo "1310"]

1. Nf3 Nc6 2. b3 Nf6 3. Bb2 d5 4. g3 Bf5 5. Nc3 e5 6. Bg2 Bc5 7. a3 Qd6 8. h3 a6
9. b4 Bd4 10. Nxd4 exd4 11. Nb1 a5 12. b5 Na7 13. a4 Qc5 14. Ba3 Qc4 15. Nc3 c6
16. g4 Be4 17. Bxe4 dxe4 18. Nb1 cxb5 19. axb5 Qxb5 20. Rg1 Nc6 21. g5 Nd5 22.
Rg4 e3 23. fxe3 dxe3 24. dxe3 Rd8 25. Re4+ Nde7 26. Nd2 Qxg5 27. Nf3 Qg3+ 28.
Kf1 Qxh3+ 29. Kf2 Rxd1 30. Rxd1 Qh2+ 31. Kf1 Qh1+ 32. Ng1 Qxe4 33. Rd4 Nxd4 34.
exd4 Qxc2 35. d5 b5 36. d6 b4 0-1

[Event "Challenge"]
[Site "http://www.queenalice.com/game.php?id=944589"]
[Date "2011.5.31"]
[Round "-"]
[White "NeeneNY"]
[Black "josh95255"]
[Result "0-1"]
[WhiteElo "1307"]
[BlackElo "1357"]

1. e4 e5 2. Nf3 Nc6 3. Bd3 Bc5 4. O-O d6 5. Bc4 Qf6 6. d3 Be6 7. Nc3 Nge7 8. Bg5
Qg6 9. Qd2 Bxc4 10. dxc4 Nd4 11. Nh4 Qe6 12. Bxe7 Qxe7 13. Nd5 Qd7 14. a3 c6 15.
Nb4 O-O 16. Rae1 Qg4 17. c3 Bxb4 18. cxb4 Qxh4 19. Re3 c5 20. Qd3 a5 21. b5 Rfe8
22. Rfe1 Re6 23. Rh3 Qf4 24. Ree3 Rf6 25. Reg3 Qxf2+ 26. Kh1 Qf1+ 27. Qxf1 Rxf1#
0-1

[Event "Challenge"]
[Site "http://www.queenalice.com/game.php?id=944979"]
[Date "2011.6.1"]
[Round "-"]
[White "josh95255"]
[Black "Hourglass"]
[Result "1-0"]
[WhiteElo "1327"]
[BlackElo "1933"]

1. d4 d5 2. Nf3 e6 3. Bf4 c5 4. e3 c4 5. Nc3 Bb4 6. a3 Bxc3+ 7. bxc3 Nf6 8. Be5
Nbd7 9. Bxf6 Nxf6 10. Be2 Ne4 11. O-O Nxc3 12. Qd2 Ne4 13. Qb4 Nd6 14. c3 O-O
15. g4 a5 16. Qb1 Ne4 17. Qb2 f5 18. gxf5 Rxf5 19. Qb5 Ng5 20. Nxg5 Qxg5+ 21.
Kh1 h6 22. Qe8+ Kh7 23. Qh5 Qxh5 24. Bxh5 Rxh5 25. Rab1 e5 26. Rb5 e4 27. Rg1
Ra6 28. Rc5 Bh3 29. Rc7 Rf6 30. Rcxg7+ 1-0

[Event "June's gambit in June"]
[Site "http://www.queenalice.com/game.php?id=946962"]
[Date "2011.6.7"]
[Round "-"]
[White "jbugg"]
[Black "josh95255"]
[Result "0-1"]
[WhiteElo "1362"]
[BlackElo "1371"]

1. e4 e5 2. Nf3 d6 3. Nc3 Nf6 4. Bc4 Qe7 5. Ng5 Be6 6. Nxe6 fxe6 7. Qf3 Nc6 8.
Nb5 Nb4 9. Qb3 a5 10. d3 d5 11. exd5 exd5 12. Bg5 dxc4 13. Qxc4 Rc8 14. Na7 Rd8
15. Qb5+ Nc6 16. Nxc6 bxc6 17. Qxc6+ Qd7 18. Qf3 Be7 19. O-O-O O-O 20. Rde1 Qd5
21. b3 Qxf3 22. gxf3 Rd5 23. Bd2 Bb4 24. c3 Bd6 25. Re3 g6 26. c4 Rc5 27. Rg1
Rb8 28. h3 h5 29. Rxg6+ Kf7 30. Rg5 Rg8 31. Rf5 Ke6 32. d4 Kxf5 33. dxc5 Bxc5
34. Re2 Bb4 35. Be3 c5 36. Kb2 Ra8 37. a3 a4 38. axb4 cxb4 39. Bd2 a3+ 40. Ka2
Rb8 41. c5 Nd5 42. Bh6 Nc3+ 43. Ka1 Nxe2 44. Bf8 Rxf8 0-1

[Event "Challenge"]
[Site "http://www.queenalice.com/game.php?id=956062"]
[Date "2011.7.2"]
[Round "-"]
[White "NeeneNY"]
[Black "josh95255"]
[Result "1-0"]
[WhiteElo "1362"]
[BlackElo "1387"]

1. e4 e5 2. Nf3 Nc6 3. Nc3 Nf6 4. Bc4 Qe7 5. d3 d6 6. Bg5 h6 7. Bxf6 Qxf6 8. Nd5
Qd8 9. O-O Ne7 10. Ne3 f6 11. b4 Bg4 12. a4 Bxf3 13. Qxf3 Nc6 14. b5 Nd4 15.
Qh5+ Kd7 16. a5 c6 17. Qg4+ Kc7 18. bxc6 Nxc6 19. Nd5+ Kb8 20. Rfb1 Nxa5 21. c3
Nxc4 22. dxc4 a5 23. Qd1 a4 24. Rxa4 Rxa4 25. Qxa4 Be7 26. Qb5 Ka7 27. Qxb7# 1-0

[Event "Challenge"]
[Site "http://www.queenalice.com/game.php?id=958380"]
[Date "2011.7.8"]
[Round "-"]
[White "josh95255"]
[Black "NeeneNY"]
[Result "0-1"]
[WhiteElo "1353"]
[BlackElo "1368"]

1. d4 d5 2. e3 Bf5 3. Bd3 e6 4. Nf3 Nc6 5. Nc3 Bb4 6. Bxf5 exf5 7. Qd3 Qd7 8. a3
Bd6 9. Nxd5 O-O-O 10. Ng5 f6 11. e4 fxg5 12. Bxg5 Be7 13. Bxe7 Ngxe7 14. O-O
Nxd5 15. exd5 Qxd5 16. c3 Rhe8 17. Rae1 g6 18. Rxe8 Rxe8 19. c4 Qe6 20. Re1
Qxe1+ 0-1

[Event "Challenge"]
[Site "http://www.queenalice.com/game.php?id=958744"]
[Date "2011.7.9"]
[Round "-"]
[White "jbugg"]
[Black "josh95255"]
[Result "1-0"]
[WhiteElo "1357"]
[BlackElo "1370"]

1. e4 e5 2. Nf3 Nc6 3. Bc4 Qe7 4. O-O d6 5. Qe2 Bg4 6. h3 Bxf3 7. Qxf3 Nd4 8.
Qc3 f6 9. d3 Qd7 10. b3 f5 11. Nd2 fxe4 12. Re1 exd3 13. Re4 c5 14. cxd3 Nf6 15.
a4 Nxe4 16. dxe4 Be7 17. Ba3 b6 18. Qg3 g6 19. Re1 Nc2 20. Rc1 Nxa3 21. b4 Nxc4
22. Rxc4 cxb4 23. Rxb4 Rc8 24. Kh2 Rc2 25. Nf3 Qc6 26. Qg4 Qc3 27. Rb1 Ra2 28.
h4 Rxf2 29. a5 Qxa5 30. Qc8+ Bd8 31. Qc6+ Ke7 32. Qb7+ Ke6 33. Ng5+ Kf6 34. Qf7#
1-0

[Event "Challenge"]
[Site "http://www.queenalice.com/game.php?id=959086"]
[Date "2011.7.11"]
[Round "-"]
[White "josh95255"]
[Black "Hourglass"]
[Result "0-1"]
[WhiteElo "1338"]
[BlackElo "1980"]

1. d4 d5 2. Nf3 Nf6 3. Nc3 Bf5 4. Bf4 e6 5. e3 c5 6. Bb5+ Nbd7 7. Ne5 a6 8.
Bxd7+ Nxd7 9. Nxd7 Qxd7 10. dxc5 Bxc5 11. Qf3 Bxc2 12. O-O O-O 13. Be5 f6 14.
Bd4 Bxd4 15. exd4 Rac8 16. Rfe1 Rc4 17. b3 Rxd4 18. Re2 Bf5 19. Na4 Qc6 20. h3
Rc8 21. Nc3 Qxc3 22. Qxc3 Rxc3 23. Re3 Rxe3 24. fxe3 Rd2 0-1

[Event "Challenge"]
[Site "http://www.queenalice.com/game.php?id=961568"]
[Date "2011.7.18"]
[Round "-"]
[White "josh95255"]
[Black "NeeneNY"]
[Result "1/2-1/2"]
[WhiteElo "1301"]
[BlackElo "1315"]

1. d4 d5 2. Nc3 Be6 3. Nf3 Nf6 4. Bf4 Nc6 5. e3 Bf5 6. Bd3 e6 7. Bxf5 exf5 8.
Qd3 Bd6 9. Qxf5 Qd7 10. Qxd7+ Nxd7 11. Nxd5 Bb4+ 12. Nxb4 Nxb4 13. O-O O-O-O 14.
Ne1 f6 15. c3 Nd5 16. Nc2 g5 17. Bg3 h5 18. e4 h4 19. Bxh4 Rxh4 20. exd5 Rdh8
21. h3 g4 22. Ne3 gxh3 23. gxh3 Rxh3 24. Kg2 c5 25. Rh1 R3h5 26. b4 cxd4 27.
cxd4 Nf8 28. Ng4 f5 29. Ne5 Kc7 30. f3 Kd6 31. Rxh5 Rxh5 32. Rd1 Kxd5 33. a3 Ne6
34. Rh1 Rg5+ 35. Kf2 Nxd4 36. f4 Rg7 37. Nd3 Ke4 38. Rd1 Nb5 39. Ke2 Rg2+ 40.
Kf1 Kf3 41. Ne1+ Kxf4 42. Kxg2 Nxa3 43. Nd3+ Ke4 44. Nc5+ Ke3 45. Nxb7 f4 46.
Rd7 Nc2 47. Nc5 f3+ 48. Kf1 Nxb4 49. Rxa7 Nc2 50. Re7+ Kd4 51. Nb3+ Kc3 52. Na5
Nd4 53. Rc7+ Kd3 54. Nc6 Ne2 55. Ne5+ Ke3 56. Rc2 Ng3+ 57. Ke1 f2+ 58. Rxf2 Ne4
59. Re2+ Kd4 60. Nf7 Nc3 61. Rd2+ Ke3 62. Ne5 Kf4 63. Nd3+ Kf5 64. Kf2 Ne4+ 65.
Ke3 1/2-1/2

[Event "Challenge"]
[Site "http://www.queenalice.com/game.php?id=963393"]
[Date "2011.7.22"]
[Round "-"]
[White "josh95255"]
[Black "Hourglass"]
[Result "0-1"]
[WhiteElo "1336"]
[BlackElo "1994"]

1. d4 d5 2. Bf4 Nf6 3. Nc3 Bf5 4. Nf3 e6 5. e3 c5 6. Bd3 Bxd3 7. Qxd3 c4 8. Qe2
Bb4 9. Qd2 Ne4 10. Qe2 Nxc3 11. bxc3 Bxc3+ 12. Nd2 Bxa1 13. O-O Bc3 14. Rb1 O-O
15. Rxb7 Qa5 16. Nb1 Ba1 17. a3 Nc6 18. Bd6 Rfe8 19. Qh5 Qe1# 0-1

[Event "Chess/Yankees "]
[Site "http://www.queenalice.com/game.php?id=967464"]
[Date "2011.8.1"]
[Round "-"]
[White "jbugg"]
[Black "josh95255"]
[Result "1-0"]
[WhiteElo "1314"]
[BlackElo "1334"]

1. e4 e5 2. Nf3 d6 3. Bc4 Qe7 4. O-O Be6 5. Bb5+ Nc6 6. a3 Nf6 7. d3 a6 8. Ba4
b5 9. Bb3 Bxb3 10. cxb3 d5 11. Nc3 Nd4 12. Nxd5 Nxd5 13. Nxd4 Qg5 14. Bxg5 1-0

[Event "Challenge"]
[Site "http://www.queenalice.com/game.php?id=972652"]
[Date "2011.8.14"]
[Round "-"]
[White "Hourglass"]
[Black "josh95255"]
[Result "1-0"]
[WhiteElo "2019"]
[BlackElo "1317"]

1. e4 e5 2. Nf3 d6 3. Bc4 Be6 4. Bxe6 fxe6 5. d3 Nf6 6. Nc3 Nc6 7. O-O Nd4 8.
Be3 Nxf3+ 9. Qxf3 Be7 10. a3 d5 11. Ne2 Qd6 12. Qg3 g6 13. f4 dxe4 14. fxe5 Qd5
15. exf6 Bxf6 16. Rxf6 O-O-O 17. Nf4 Qe5 18. Nxe6 Qxf6 19. Qxc7# 1-0

[Event "Challenge"]
[Site "http://www.queenalice.com/game.php?id=974088"]
[Date "2011.8.18"]
[Round "-"]
[White "jbugg"]
[Black "josh95255"]
[Result "1-0"]
[WhiteElo "1370"]
[BlackElo "1315"]

1. e4 e5 2. Nf3 Nc6 3. Bc4 Qe7 4. O-O d6 5. a3 Be6 6. d3 Bxc4 7. dxc4 Qe6 8. b3
Nf6 9. Nc3 Ng4 10. Nd5 Qd7 11. h3 Nf6 12. Qd3 Nd4 13. Nxd4 Nxd5 14. exd5 c5 15.
Nf5 g6 16. Nh4 Be7 17. Qg3 Bxh4 18. Qxh4 O-O 19. Qh6 Qf5 20. Bg5 Qxc2 21. Bf6
1-0

[Event "Challenge"]
[Site "http://www.queenalice.com/game.php?id=1051857"]
[Date "2012.4.23"]
[Round "-"]
[White "josh95255"]
[Black "NeeneNY"]
[Result "1-0"]
[WhiteElo "1302"]
[BlackElo "1468"]

1. d4 d5 2. Nc3 Nc6 3. Nf3 Bf5 4. Bf4 Nb4 5. Rc1 Nxc2+ 6. Rxc2 Bxc2 7. Qxc2 e6
8. e3 a6 9. Qa4+ c6 10. Bd3 Nf6 11. h3 b5 12. Qb3 Bd6 13. a4 b4 14. Ne2 O-O 15.
Ng5 h6 16. Nf3 c5 17. dxc5 Bxc5 18. O-O a5 19. Bb5 Ne4 20. Qd3 Nd6 21. Ne5 Nxb5
22. Qxb5 Qd6 23. Nc6 Qd7 24. Qxc5 Rfc8 25. Ne7+ Kf8 26. Nxc8+ Ke8 27. Nb6 Qa7
28. Qc6+ Ke7 29. Nxa8 g5 30. Qc7+ Qxc7 31. Bxc7 f5 32. Nd4 f4 33. exf4 gxf4 34.
Rc1 Kf6 35. Bd8+ Ke5 36. Bb6 h5 37. Nf3+ Kf5 38. Nd4+ Kf6 39. Bxa5 Ke5 40. Rd1
b3 41. Nc7 f3 42. gxf3 Kd6 43. Ncxe6 h4 44. Bc7+ Kd7 45. Rc1 Kc8 46. Nb5 d4 47.
Nexd4 Kb7 48. Rc6 Ka8 49. Ne6 Kb7 50. Nd8+ Kc8 51. Nf7 Kb7 52. Rb6+ Ka8 53. Rb8#
1-0